Normal view
MARC view
- اللغة-منهج البحث في الادب واللغة
Entry Topical Term
001 - CONTROL NUMBER
- control field: 34870
003 - CONTROL NUMBER IDENTIFIER
- control field: JO-AjAnu
005 - DATE AND TIME OF LATEST TRANSACTION
- control field: 20230606075833.0
008 - FIXED-LENGTH DATA ELEMENTS
- fixed length control field: 230606|| aca||aabn | a|a d
040 ## - CATALOGING SOURCE
- Original cataloging agency: JO-AjAnu
- Transcribing agency: JO-AjAnu
150 ## - HEADING--TOPICAL TERM
- Topical term or geographic name entry element: اللغة-منهج البحث في الادب واللغة
670 ## - SOURCE DATA FOUND
- Source citation: Work cat.: (JO-AjAnu)17907: لانسون تأليف/ ماييه م.مشارك/ مندور,محمد مترجم, author 34869, منهج البحث في الادب واللغة